| 000 | 00779nam a2200217 a 4500 | ||
|---|---|---|---|
| 001 | 79280 | ||
| 003 | BD-RjUL | ||
| 005 | 20220202115957.0 | ||
| 008 | 220130r20172011bg ||||| |||| 00| 0 eng d | ||
| 020 |
_a9789844142435 _c:Tk.75.00 |
||
| 035 | _a(BD-RjUL)79280 | ||
| 040 |
_aBD-RjUL _beng _cBD-RjUL |
||
| 041 | _aben | ||
| 082 |
_223 _a891.443 _bREA 2017 |
||
| 100 |
_aরেজা, মাহবুব _9991 |
||
| 245 |
_aআমার বঙ্গবন্ধুর গল্প / _cমাহবুব রেজা |
||
| 260 |
_aঢাকা : _bঅনিন্দ্য প্রকাশ, _c২০১১ [মুদ্রণ ২০১৭] |
||
| 650 |
_aবাংলা সাহিত্য _xগল্প _9815 |
||
| 650 |
_aBengali Literature _xStory _9816 |
||
| 942 |
_2ddc _cBK |
||
| 999 |
_c79280 _d79280 |
||